000 00474nam a22001817a 4500
003 MPLRDC
005 20220104200013.0
008 210129b ||||| |||| 00| 0 eng d
020 _aISSN1394-9152
082 _a050.9 BJSH v.242
100 _a廖美芳 编辑主任
245 _a保健生活 V.242
_c
250 _a初版
260 _a马来西亚
_b广进企业
_c
300 _b
650 _a期刊--保健生活 KEHIDUPAN SIHAT
942 _cMGZ
_o050.9 BJSH v.242
999 _c66470
_d66460